Kinderserien anhand von Gegenständen erkennen - Statistiken

Allgemein
  • Dieses Quiz wurde 994 mal gespielt
  • Das Durchschnittsergebnis liegt bei 9 aus 12
Antwortstatistiken
Bildquiz Antwort % Korrekt
Tom und das EMBmH
92%
Bibi Blocksberg
87%
Bugs Bunny & LT
87%
Spongebob Schwam.
84%
Weihnachtsmann & Co. KG
84%
Wickie
82%
Yakari
79%
Phineas und Ferb
78%
Tom and Jerry
76%
SimsalaGrimm
73%
Gravity Falls
52%
Boss Baby
25%
Keine übereinstimmenden Quizze gefunden
Verteilung der Resultate
Anzahl Personen mit jedem Resultat
Perzentil nach korrekt beantworteten Fragen
Ihre Resultats-Entwicklung
Sie haben dieses Quiz noch nicht gespielt